00720nam a22001937a 4500003000400000008004100004020001800045082001800063100002400081245006900105260003800174300001100212650003500223650004000258650002800298942001200326999001700338952017100355OSt260627b |||||||| |||| 00| 0 eng d a9780323954594 a519.542bL82I aLoftus, Stephen C.  aAn Introductory Handbook of Bayesian Thinking/ Stephen C. Loftus aLondon: bAcademic Press, c2025. a305 p. aNatural sciences & mathematics aProbabilities & applied mathematics aMathematical statistics 2ddccBK c52401d52401 00102ddc4070aRAUbRAUcGENd2026-06-27eToday & Tomorrow Printers and Publishers g6927.00l0o519.542 L82Ip87604r2026-06-27w2026-01-29yBKkBill No. IN-00449